Latin Vocab: Latin - English 2: Verbs and Everything Else - Statistics

General Stats
  • This quiz has been taken 11 times
    6 since last reset
  • The average score is 50 of 117
Answer Stats
Hint Answer % Correct
Amo-Amare-Amavi-Amatum To Love
100%
Ad to/up to
100%
Super Above
67%
Post After
67%
Semper Always
67%
Et And
67%
-Que And (Suffix)
67%
A/Ab Away From
67%
Ante Before/In Front Of
67%
Inter Between/Among
67%
Sed But
67%
Pro For/In Front Of/Before
67%
De From/Down From
67%
Si If
67%
In In/On
67%
Non Not
67%
O O/Oh!
67%
Ex /E Out of/From
67%
Ibi There
67%
Sum-Esse-Fui-Futurum To Be
67%
Possum-Posse-Potui To Be Able
67%
Voco-Vocare-Vocavi-Vocatum To Call
67%
Gero-Gerere-Gessi-Gestum To Carry
67%
Muto-Mutare-Mutavi-Mutatum To Change/Alter
67%
Venio-Venire-Veni-Ventum To Come
67%
Commito-Commitere-Commisi-Commissum To Entrust/Commit
67%
Erro-Errare-Erravi-Erratum To Err/Wander
67%
Cado-Cadere-Cecidi-Casurum To Fall
67%
Timeo-Timere-Timui To Fear
67%
Sentio-Sentire-Sensi-Sensum To Feel/Understand
67%
Fugio-Fugere-Fugi-Fugiturum To Flee/Escape
67%
Do-Dare-Dedi-Datum To Give
67%
Habeo-Habere-Habui-Habitum To Have
67%
Audio-Audire-Audivi-Auditum To Hear
67%
Teneo-Tenere-Tenui-Tentum To Hold/Posess
67%
Vivo-Vivere-Vixi-Victum To Live
67%
Exspecto-Exscpectare-Exscpectavi-Exspectatum To Look For/Expect
67%
Facio-Facere-Feci-Factum To Make/Do
67%
Demonstro-Demonstrare-Demonstravi-Demonstratum To Point Out/Show
67%
Maneo-Manere-Mansi-Mansum To Remain
67%
Remaneo-Remanere-Remansi-Remansum To Remain (stronger)
67%
Rego-Regere-Rexi-Rectum To Rule
67%
Curro-Currere-Cucurri-Cursum To Run
67%
Servo-Servare-Servavi-Servatum To Save
67%
Conservo-Conservare-Conservavi-Conservatum To Save (stronger)
67%
Dico-Dicere-Dixi-Dictum To Say/Speak
67%
Video-Videre-Vidi-Visum To See
67%
Cogito-Cogitare-Cogivati-Cogitatum To Think
67%
Tolero-Tolerare-Toleravi-Toleratum To Tolerate
67%
Intellego-Intellegere-Intellexi-Intellectum To Understand
67%
Scribo-Scribere-Scripsi-Scriptum To Write
67%
Sub Under
67%
Bene Well
67%
Quando When
67%
Ubi Where
67%
Ubi Where (its both categories)
67%
Heri Yesterday
67%
Trans Across
33%
Neque/Nec And Not/Nor
33%
Quod Because
33%
Quare Because of
33%
Propter Because Of
33%
Etiam Even/Also
33%
Quam How
33%
Autem However/Moreover
33%
Numquam Never
33%
Nunc Now
33%
Olim Once Upon A Time/Long Ago
33%
Tum Then
33%
Igitur Therefore
33%
Per Through/By
33%
Culpo-Culpare-Culpavi-Culpatum To Blame
33%
Vinco-Vincere-Vici-Victum To Conquer/Overcome
33%
Creo-Creare-Creavi-Creatum To Create
33%
Audeo-Audere-Ausus Sum To Dare
33%
Hodie Today
33%
Ceno-Cenare-Cenavi-Cenatum To Dine
33%
Invenio-Invenire-Inveni-Inventum To Discover/Find
33%
Terreo-Terrere-Terrui-Territum To Frighten
33%
Iungo-Iungere-Iunxi-Iunctum To Join
33%
Neco-Necare-Necavi-Necatum To Kill
33%
Duco-Ducere-Duxi-Ductum To Lead
33%
Cras Tomorrow
33%
Laudo-Laudare-Laudavi-Laudatum To Praise
33%
Satio-Satiare-Satiavi-Satiatum To Satisfy
33%
Amitto-Amittere-Amisi-Amissum To Send Away/Let Go
33%
Sto-Stare-Steti-Statum To Stand
33%
Doceo-Docere-Docui-Doctum To Teach
33%
Iacio-Iacere-Ieci-Iactum To Throw/Hurl
33%
Sine Without
33%
Itaque And So
0%
Nam For
0%
Diu For A Long Time
0%
Enim In Fact
0%
Tamen Nevertheless
0%
Saepe Often
0%
Nuper Recently
0%
Quoniam Sine/Inasmuch as
0%
-Ne ? (Suffix)
0%
Vito-Vitare-Vitavi-Vitatum To Avoid/Shun
0%
Supero-Superare-Superavi-Superatum To Be Above
0%
Valeo-Valere-Valui-Valiturum To Be Strong
0%
Salveo-Salvere To Be Well
0%
Traho-Trahere-Traxi-Tractum To Draw/Derive
0%
Ago-Agere-Egi-Actum To Drive
0%
Diligo-Diligere-Dilexi-Dilectum To Esteem
0%
Iuvo-Iuvare-Iuvi-Iutum To Help
0%
Disco-Discere-Didici To Learn
0%
Alo-Alere-Alui-Altum To Nourish
0%
Nimis Too Much
0%
Debeo-Debere-Debui-Debitum To Ought/Owe
0%
Moneo-Monere-Monui-Monintum To Remind/Warn
0%
Mitto-Mittere-Misi-Missum To Send/Let Go
0%
Appello-Appellare-Appelavi-Appelatum To Speak To/Adress
0%
Capio-Capere-Cepi-Captum To Take/Capture
0%
Dum While
0%
No matching quizzes found
Score Distribution
Percent of People with Each Score
Percentile by Number Answered
Your Score History
You have not taken this quiz since the last reset